بحوث في الاشتراكية / (Record no. 14953)
[ view plain ]
| 000 -LEADER | |
|---|---|
| fixed length control field | 00701nam a22001697a 4500 |
| 008 - FIXED-LENGTH DATA ELEMENTS--GENERAL INFORMATION | |
| fixed length control field | 110222t xxu||||| |||| 00| 0 eng d |
| 082 ## - DEWEY DECIMAL CLASSIFICATION NUMBER | |
| Classification number | 335 |
| Item number | أ ح م |
| 100 ## - MAIN ENTRY--PERSONAL NAME | |
| 9 (RLIN) | 22253 |
| Personal name | أحمد ، عبد الكريم |
| 245 ## - TITLE STATEMENT | |
| Title | بحوث في الاشتراكية / |
| Statement of responsibility, etc | عبد الكريم أحمد |
| 260 ## - PUBLICATION, DISTRIBUTION, ETC. (IMPRINT) | |
| Place of publication, distribution, etc | بيروت : |
| Name of publisher, distributor, etc | المؤسسة العربية للدراسات والنشر ،1972 |
| Date of publication, distribution, etc | 1972 |
| 300 ## - PHYSICAL DESCRIPTION | |
| Extent | 192 ص ؛ |
| Dimensions | 24 سم |
| 650 ## - SUBJECT ADDED ENTRY--TOPICAL TERM | |
| 9 (RLIN) | 8522 |
| Topical term or geographic name as entry element | الاشتراكية |
| 650 ## - SUBJECT ADDED ENTRY--TOPICAL TERM | |
| 9 (RLIN) | 22254 |
| Topical term or geographic name as entry element | الاشتراكيون |
| 650 ## - SUBJECT ADDED ENTRY--TOPICAL TERM | |
| 9 (RLIN) | 16253 |
| Topical term or geographic name as entry element | الماركسية |
| 942 ## - ADDED ENTRY ELEMENTS (KOHA) | |
| Source of classification or shelving scheme | Dewey Decimal Classification |
| Item type | Book - Borrowing |
| Withdrawn status | Item status | Source of classification or shelving scheme | Damaged status | Not for loan | Vendor | Home library | Current library | Shelving location | Date acquired | Source of acquisition | Total Checkouts | Total Renewals | Full call number | Barcode | Date last seen | Date last borrowed | Koha item type |
|---|---|---|---|---|---|---|---|---|---|---|---|---|---|---|---|---|---|
| Dewey Decimal Classification | Alef-Baa | Central Library | Central Library | First floor | 22/02/2011 | 2 | 1 | 335 أ ح م | 000022796 | 15/07/2025 | 26/11/2017 | Book - Borrowing |